Générique Ki & Hi - Paroles - Statistiques

Statistiques générales
  • Ce quiz a été pris 5 fois
  • Le résultat moyen est 8 sur 9
Statistiques - réponses
Paroles % Correct
Avec Maman qui fait comme elle {peut}
100%
Car ils sont tout les {deux}
100%
C'est Ki et {Hi}
100%
C'est qui ? C'est {qui} ?
100%
Ki et Hi font toujours des {bêtises}
100%
Où vivent deux {frères}
100%
Ils finissent toujours par s'en {sortir}
75%
Mais la vie est plus drôle avec {eux}
75%
Bienvenue au Royaume {Panda}
50%
Aucun quiz correspondant
Distribution des résultats
% des personnes avec chaque résultat
Percentile par nombre de réponses
Votre historique - résultats
Vous n’avez pas pris ce quiz